Statistics for 15新潟県の市区町村

Click here to take the quiz!

General Stats

  • This quiz has been taken 94 times
    (90 since last reset)
  • The average score is 25 of 37

Answer Stats

Answer% Correct
新潟市北区
93%
新潟市中央区
93%
新潟市西区
93%
新潟市東区
93%
長岡市
93%
三条市
93%
村上市
91%
上越市
91%
新潟市南区
91%
燕市
89%
南魚沼市
86%
柏崎市
86%
新発田市
86%
糸魚川市
84%
魚沼市
81%
新潟市秋葉区
75%
妙高市
74%
見附市
72%
新潟市西蒲区
70%
小千谷市
67%
十日町市
65%
五泉市
65%
加茂市
63%
阿賀野市
61%
佐渡市
61%
新潟市江南区
60%
胎内市
53%
刈羽郡刈羽村
42%
西蒲原郡弥彦村
39%
南魚沼郡湯沢町
37%
北蒲原郡聖籠町
35%
東蒲原郡阿賀町
35%
南蒲原郡田上町
28%
中魚沼郡津南町
28%
岩船郡関川村
28%
岩船郡粟島浦村
28%
三島郡出雲崎町
26%

Score Distribution

Percentile by Number Answered

Percent of People with Each Score

Your Score History

You have not taken this quiz since the last reset